SNELL'S CLINICAL NEUROANATOMY (Record no. 8409)

MARC details
000 -LEADER
fixed length control field 00421nam a22001697a 4500
005 - DATE AND TIME OF LATEST TRANSACTION
control field 20230821121156.0
008 - FIXED-LENGTH DATA ELEMENTS--GENERAL INFORMATION
fixed length control field 230818b |||||||| |||| 00| 0 eng d
020 ## - INTERNATIONAL STANDARD BOOK NUMBER
ISBN 978-93-89859-37-9
041 ## - LANGUAGE CODE
Language code of text/sound track or separate title eng
082 ## - DEWEY DECIMAL CLASSIFICATION NUMBER
Classification number 616.8 SPL -S
100 ## - MAIN ENTRY--AUTHOR NAME
Personal name SPLITTGERBER, RYAN
245 ## - TITLE STATEMENT
Title SNELL'S CLINICAL NEUROANATOMY
260 ## - PUBLICATION, DISTRIBUTION, ETC. (IMPRINT)
Place of publication NEW DELHI
Name of publisher WOLTER'S KLUWER
Year of publication 2020
300 ## - PHYSICAL DESCRIPTION
Number of Pages 562;p
650 ## - SUBJECT ADDED ENTRY--TOPICAL TERM
Topical Term BPT
942 ## - ADDED ENTRY ELEMENTS (KOHA)
Koha item type Books
Holdings
Lost status Damaged status Collection code Home library Current library Shelving location Date acquired Source of acquisition Cost, normal purchase price Full call number Accession Number Koha item type
    PHYSIOTHERAPY JRU Library JRU Library SHELF-8-A 05/08/2023 PURCHASE [LBI] 2399.00 616.8 27961 Books